000 00433nam a2200157 a 4500
005 20140310183207.0
008 030203s19uu xx 00 eng d
050 _aRM 301
_b.L628 2001
100 _aLilley, Linda Lane
245 _aPharmacology and the nursing process /
_cLinda Lane Lilley.
300 _a922 p. :
_bcol. ill. ;
_c28 cm.
521 _aNUR
650 _aPharmacology
942 _cBK
_2lcc
_kFOR
999 _c20025
_d20025